000 00549cam a2200193 4500
001 D8197
008 090401t1982 xxu||||| |||| 00| 0 eng d
035 _a(Sirsi) u11687
041 _aeng
050 _a690.2410973
100 _aReynolds, Judith
245 _aHistoric properties: preservation and the valuation process
260 _aChicago
_bAmerican Institute of Real Estate Apprai
_c1982
300 _a115p. illus. 24cm
350 _a19.1
520 _aSuperseded by third edition (ISBN 0922154872).
942 _n0
948 _c04/03/1997
999 _c86893
_d86893